Trabajo decente y equidad de género en América Latina /

Kaydedildi:
Detaylı Bibliyografya
Yazar: Abramo, Laís
Diğer Yazarlar: ed.
Materyal Türü: Metin
Baskı/Yayın Bilgisi: Santiago: OIT
Konular:
Etiketler: Etiketle
Etiket eklenmemiş, İlk siz ekleyin!

MARC

LEADER 00000 a a2200000 04500
001 35239
003
040
090 |a 1002 A161t  
100 |a Abramo, Laís  
245 |a Trabajo decente y equidad de género en América Latina /  |c Laís Abramo 
260 |a Santiago:   |b OIT  
300 |a 324 p.  
650 |a DISCRIMINACION  
650 |a TRABAJO  
650 |a TEORIA  
650 |a POLITICA GUBERNAMENTAL  
650 |a AMERICA LATINA  
700 |a ed.  
999 |c 11536  |d 11536